00545 2200217 4500001002100000005001500021035002000036007000300056008004100059020002200100082001000122084001700132100001300149245003200162260004500194300003200239650001700271856001700288250000600305990001600311INLIS00000000000065420221220100926 a0010-1222000094ta221220 e f ind  a978-979-22-6277-3 a838.3 a838.3 RET d0 aRetni SB1 aDimi Is Married /cRetni SB aJakarta :bGramedia Pustaka Utama,c2011 a384 hlm :bIlus ;c20 cme- 4aKesusastraan a838.3 RET d a- a4723/P-2022